00000000nas##2200000za#4500
0019.508716
003CaOODSP
00520200325101535
007ta
008150406c1998||||xxc|| p #||||f|   |0eng|d
022 |a1187-6301
040 |aCaOODSP|beng
041 |aeng
041 |afre
043 |an-cn---
0861 |aSN2-11
1101 |aCanada.|bNational Library of Canada.
24510|aForthcoming books : |ba product of the Canadian Cataloguing in Publication Program
260 |aOttawa - Ontario : |bNational Library of Canada
310 |aMonthly
3621 |a(June, 1987)-(December, 2003)
500 |a"These listings are provided by the National Library of Canada which coordinates the National CIP (Cataloguing in Publication) Program. CIP attempts to provide advance information on books of all Canadian publishers so that it can be used by libraries and booksellers in selecting, ordering and cataloguing books."--Page 1. "Forthcoming Books is distributed by Quill and Quire in Toronto and Livre d'ici in Montreal."--Page 1.
5203 |aThese listings are provided by the National Library of Canada which coordinates the National CIP (Cataloguing in Publication) Program. CIP attempts to provide advance information on books of all Canadian publishers so that it can be used by libraries and booksellers in selecting, ordering and cataloguing books.--Page 1 Forthcoming Books is distributed by Quill and Quire in Toronto and Livre d'ici in Montreal.--Page 1
546 |aBilingual
563 |aNewspaper
69007|aBooks|2gcpds
69007|aCatalogues|2gcpds
69007|aPublishing|2gcpds
7760#|tLivres à paraître : |w(CaOODSP)9.500112
792 |tLivres à paraître : |efre|w(CaOODSP)9.508717